01156nam a2200229 a 450000100100000000500170001000800410002704000250006808200150009310000350010824500910014326000460023430000280028050000630030870000410037104900090041295201280042195201280054995201130067795201190079099900170090900002093420200930011206.0100824s2004 dr a 000 0 spa d aDO-SdBNPbspacBNPHU axxxbC957f1 aCruz Núñez, Ramón94385910aFrente al espejo de mi amigo /cRamón Cruz Núñez; prólogo Freddy Mariano Cruz. aSanto Domingo :bHnos. Valenzuela,c2004. a122 p. :bil. ;c22 cm. aIncluye datos biográficos del autor en la contracubierta1 aCruz, Freddy Marianoepról.943860 aBNPD 001054708DSaGRbGRcCTd2011-03-23iLF1l0oxxx C957fp20934-30r2020-06-25te. 3w2020-06-25yLFDSZPréstamo en sala 001054708DSaGRbGRcCTd2011-03-28iLF1l0oxxx C957fp20934-40r2020-06-25te. 4w2020-06-25yLFDSZPréstamo en sala 0010718PDaPDbPDcCTd2010-08-24iLF1l0oxxx C957fp20934-10r2020-06-25w2020-06-25yLFPDZNo se presta 0010718PDaPDbPDcCTd2011-03-23iLF1l0oxxx C957fp20934-20r2020-06-25te. 2w2020-06-25yLFPDZNo se presta c20437d20437